000
00264 a2200097 4500
001
59077
100
_a
245
_a
Fellowship of the Ring; Being the first part of the lord of the rings; Part 1
260
_a
London
_b
Harper Collinns
_c
1999
090
_c
36178
_d
36178
942
_a
NUST-CAE
_c
_c
29089
999
_c
294150
_d
294150